LEADER 01032nam1-2200361---450- 001 990000949790203316 005 20090615125236.0 035 $a0094979 035 $aUSA010094979 035 $a(ALEPH)000094979USA01 035 $a0094979 100 $a20020206d--------km-y0itay50------ba 101 0 $aita 102 $aIT 105 $a||||||||001yy 200 1 $a<> teatro del 20. secolo$fa cura di Nicola Savarese 210 $aRoma [etc.]$cLaterza 215 $av.$d21 cm 606 0 $aTeatro$zSec. 20.$2BNCF 676 $a792.0904 702 1$aSAVARESE,$bNicola 801 0$aIT$bsalbc$gISBD 912 $a990000949790203316 951 $aXIII.1.B. 779/(Varie Coll. 552/)$bL.M.$cXIII.1. 959 $aBK 969 $aUMA 979 $aPATTY$b90$c20020206$lUSA01$h1602 979 $aPATTY$b90$c20020325$lUSA01$h1229 979 $c20020403$lUSA01$h1737 979 $aPATRY$b90$c20040406$lUSA01$h1705 979 $aANNAMARIA$b90$c20090615$lUSA01$h1252 996 $aTeatro del 20. secolo$9973111 997 $aUNISA LEADER 00980nam0-22003131i-450- 001 990002056650403321 005 20100205130900.0 035 $a000205665 035 $aFED01000205665 035 $a(Aleph)000205665FED01 035 $a000205665 100 $a20030910d1935----km-y0itay50------ba 101 0 $aita 102 $aIT 200 1 $aDispense di entomologia$eparte generale$eappunti secondo le lezioni del Prof. Filippo Silvestri illustrati dal Prof. Giuseppe Russo$fGiuseppe Russo 210 $a[S.l.$cs.n.]$d1935 215 $apaginazione varia$d24 cm 610 0 $aEntomologia Agraria 610 0 $aInsetti 676 $a595.7 700 1$aRusso,$bGiuseppe$f<1897-1978 ;$centomologo>$0433525 702 1$aSilvestri,$bFilippo$f<1873-1949> 801 0$aIT$bUNINA$gRICA$2UNIMARC 901 $aBK 912 $a990002056650403321 952 $a61 IX A.3/39$b2082 (30/06/1950)$fDAGEN 959 $aDAGEN 996 $aDispense di entomologia$9406239 997 $aUNINA LEADER 01669nam 2200553Ia 450 001 9910449820803321 005 20200520144314.0 010 $a0-8444-9534-4 035 $a(CKB)1000000000009074 035 $a(OCoLC)70769470 035 $a(CaPaEBR)ebrary10022127 035 $a(SSID)ssj0000282569 035 $a(PQKBManifestationID)11244915 035 $a(PQKBTitleCode)TC0000282569 035 $a(PQKBWorkID)10335890 035 $a(PQKB)11650118 035 $a(MiAaPQ)EBC3328259 035 $a(Au-PeEL)EBL3328259 035 $a(CaPaEBR)ebr10022127 035 $a(OCoLC)923212844 035 $a(EXLCZ)991000000000009074 100 $a20020307d2002 ua 0 101 0 $aeng 135 $aurcn||||||||| 181 $ctxt 182 $cc 183 $acr 200 14$aThe Origin of species$b[electronic resource] $edescent of a text, with modification /$fDavid Quammen 210 $aWashington, DC $cLibrary of Congress$d2002 215 $a1 online resource (40 p.) 225 1 $aA Bradley lecture series publication 300 $aBibliographic Level Mode of Issuance: Monograph 311 $a0-8444-1057-8 320 $aIncludes bibliographical references. 410 0$aBradley lecture series publication. 606 $aEvolution (Biology) 606 $aNatural selection 608 $aElectronic books. 615 0$aEvolution (Biology) 615 0$aNatural selection. 676 $a576.8/2 700 $aQuammen$b David$f1948-$0326360 801 0$bMiAaPQ 801 1$bMiAaPQ 801 2$bMiAaPQ 906 $aBOOK 912 $a9910449820803321 996 $aThe Origin of species$92258230 997 $aUNINA